Técnicas participativas para la educación popular
Đã lưu trong:
| Những tác giả chính: | , |
|---|---|
| Định dạng: | Sách |
| Ngôn ngữ: | Tiếng Tây Ban Nha |
| Được phát hành: |
Madrid
Popular
2010
|
| Phiên bản: | 7a. ed |
| Loạt: | Promoción Cultural
|
| Những chủ đề: | |
| Các nhãn: |
Thêm thẻ
Không có thẻ, Là người đầu tiên thẻ bản ghi này!
|
MARC
| LEADER | 00000cam a2200000 a 4500 | ||
|---|---|---|---|
| 001 | UCF7665 | ||
| 003 | CL-VaPUC | ||
| 008 | 130704e20100000SP |||||||||||||||||spa|d | ||
| 020 | |a 8478841938 | ||
| 082 | 0 | 4 | |a 371.3028 |b VAR |2 21 |
| 100 | 0 | |a Vargas, Laura |e author |9 569750 | |
| 700 | 0 | |a Bustillos, Graciela |e author |9 569751 | |
| 245 | 1 | 0 | |a Técnicas participativas para la educación popular |
| 250 | |a 7a. ed | ||
| 300 | |a t | ||
| 942 | |c BK | ||
| 945 | |d 20130704 00:00:00 |a cmena | ||
| 260 | |a Madrid |b Popular |c 2010 | ||
| 650 | 0 | |a Educación popular |9 308964 | |
| 650 | 0 | |a Dinámica de grupos |9 259862 | |
| 650 | 0 | |a Psicología social |9 222894 | |
| 650 | 0 | |a Comportamiento social |9 334200 | |
| 583 | |a last modification |c 20130704 11:43:00 |k Rodrigo Vera | ||
| 490 | 0 | |a Promoción Cultural | |
| 999 | |c 352468 |d 352466 | ||
| 952 | |0 0 |1 0 |4 0 |6 371_302800000000000_VAR_2010 |7 0 |8 A |9 457005 |a BIBGIM |b BIBGIM |d 2019-11-22 |h t.1 |i 4988140 |o 371.3028 VAR 2010 |p 4988140 |r 2025-01-15 |w 2019-11-22 |y BK |k SSL | ||